Movies Quiz

Random Movies or Pixar Quiz
Score 0/55 Timer 06:00
0 Plays Today
% Correct
WALL.E
83%
Abu
82.5%
Pinocchio
82.3%
Olaf
81.5%
King Triton
81.3%
Scar
80.9%
Baloo
80.2%
Iago
79.3%
Cinderella
79%
Dopey
78.5%
Wendy Darling
77.9%
Winnie the Pooh
75.7%
Sarabi
74.9%
Bob Parr
74.8%
Lucifer
74.6%
Snow White
74.2%
Cheif Powhatan
73.5%
Nani
72.7%
King Stefan
72.6%
The Sheriff of Nottingham
72.1%
Hercules
71.4%
Shan Yu
71.3%
Lucky
70.3%
Hera
70%
Henry J. Waternoose III
69.9%
Eric
69.3%
Sully
69.1%
Kuzco
69.1%
% Correct
Koda
68%
Quasimodo
67.9%
Copper
67.2%
Monstro
66.1%
Emily
65.4%
Timothy
65.1%
Vanellope Von Schweetz
64.7%
Thomas O'Malley
64.6%
Faline
64%
Gaston
63.7%
Dr. Facilier
62.9%
Milo Thatch
61.5%
Lady
61%
Alice
59.8%
Archimedes
59.8%
Evangeline
57.6%
Darling
57.4%
Madame Medusa
56.8%
Tito
56.5%
Basil
55.1%
Jane Porter
53.4%
Lightning McQueen
52.4%
Rhino
50.5%
Chernabog
50.4%
Sykes
50.1%
Akela
49.9%
Frou-Frou
44.5%
Remove Ads.
Support Sporcle.
Get the best of Sporcle when you Go Orange. This ad-free experience offers more features, more stats, and more fun while also helping to support Sporcle. Thank you for becoming a member.

You're not logged in!

Compare scores with friends on all Sporcle quizzes.
OR
Log In

Show Comments

Extras

Top Quizzes Today


Score Distribution

Your Account Isn't Verified!

In order to create a playlist on Sporcle, you need to verify the email address you used during registration. Go to your Sporcle Settings to finish the process.

Report this User

Report this user for behavior that violates our Community Guidelines.

Details: